Senioři začínají zaměstnavatele zajímat

Atraktívnosť seniorov pre zamestnávateľov. Seniori a podnikanie.

Saved in:
Bibliographic Details
Format: Book Chapter
Language:Czech
Subjects:
Tags: Add Tag
No Tags, Be the first to tag this record!

MARC

LEADER 00000naa a2200000 4500
001 0246083
005 20180628063300.8
041 0 |a cze 
044 |a CZ 
245 1 0 |a Senioři začínají zaměstnavatele zajímat 
520 |a Atraktívnosť seniorov pre zamestnávateľov. Seniori a podnikanie. 
610 2 0 |a seniori 
610 2 0 |a zamestnávatelia 
610 2 0 |a podnikanie 
610 2 0 |a trh práce